| Tag |
First Indicator |
Second Indicator |
Subfields |
| LEADER |
00000cam a2200000 a 4500 |
| 001 |
in00001362413 |
| 005 |
20151006094018.0 |
| 008 |
970721s1997 gw a b 101 0 fre d |
| 020 |
|
|
|a 3540631399
|
| 035 |
|
|
|a (OCoLC)37330035
|
| 035 |
|
|
|9 AHK1929AM
|
| 040 |
|
|
|a CUY
|c CUY
|d TXA
|d UtOrBLW
|
| 049 |
|
|
|a TXAM
|
| 090 |
|
|
|a QA267
|b .I56 1997
|
| 111 |
2 |
|
|a International Conference on Applications and Theory of Petri Nets
|n (18th :
|d 1997 :
|c Toulouse, France)
|
| 245 |
1 |
0 |
|a Application and theory of Petri nets 1997 :
|b 18th international conference, ICATPN'97, Toulouse, France, June 23-27, 1997 : proceedings /
|c Pierre Azéma, Gianfranco Balbo (eds.).
|
| 264 |
|
1 |
|a Berlin ;
|a New York :
|b Springer,
|c [1997]
|
| 264 |
|
4 |
|c ©1997
|
| 300 |
|
|
|a viii, 466 pages :
|b illustrations ;
|c 24 cm.
|
| 336 |
|
|
|a text
|b txt
|2 rdacontent
|
| 337 |
|
|
|a unmediated
|b n
|2 rdamedia
|
| 338 |
|
|
|a volume
|b nc
|2 rdacarrier
|
| 490 |
1 |
|
|a Lecture notes in computer science ;
|v 1248
|
| 504 |
|
|
|a Includes bibliographical references and index.
|
| 650 |
|
0 |
|a Petri nets
|v Congresses.
|
| 700 |
1 |
|
|a Azema, Pierre.
|
| 700 |
1 |
|
|a Balbo, Gianfranco.
|
| 830 |
|
0 |
|a Lecture notes in computer science ;
|v 1248.
|
| 999 |
|
|
|a MARS
|
| 999 |
f |
f |
|s aca57fd8-16ee-3eac-a738-8f9bbcdba9d0
|i f66ebd7f-b45d-3bea-b44e-8c7e015b3e15
|t 0
|
| 952 |
f |
f |
|p ric
|a Texas A&M University
|b Rellis Campus
|c Joint Library Facility
|d Remote Storage
|t 0
|e QA267 .I56 1997
|h Library of Congress classification
|i unmediated -- volume
|m A14821296223
|
| 998 |
f |
f |
|a QA267 .I56 1997
|t 0
|l Remote Storage
|